| 000 | 00967nam a2200289 a 4500 | ||
|---|---|---|---|
| 005 | 20200104041600.0 | ||
| 008 | 160215s1998 ck d fr|||| 000 0 spa d | ||
| 020 | _a9586017745 | ||
| 040 |
_aCO-BoIAVH _cCO-BoIAVH |
||
| 041 | 0 | _aspa | |
| 044 | _ack | ||
| 082 | 0 | 4 |
_a338.9 _bG98r |
| 100 | 1 | _aGutierrez, Roberto | |
| 245 | 1 | 0 |
_aRetos para el nuevo milenio en America Latina : _bdesarrollo sostenible, competitividad y reformas de segunda generación |
| 250 | _aPrimera edición | ||
| 260 |
_aBogotá : _bCorporación Andina de Fomento : _bTercer Mundo, _c1998. |
||
| 300 |
_a157 páginas : _bgráficos ; _c23 x 16 cm. |
||
| 650 | 1 | 6 | _aDesarrollo sostenible |
| 650 | 1 | 6 | _aCompetitividad |
| 700 | 1 | _aMartínez, Claudia | |
| 700 | 1 | _aSfeir Younis, Alfredo | |
| 700 | 1 | _aFairbanks, Michael | |
| 700 | 1 | _aLindsay, Stace | |
| 700 | 1 | _aHolden, Paul | |
| 700 | 1 | _aBrugger, Ernst A. | |
| 942 |
_cLIBRO _2ddc |
||
| 999 |
_c5629 _d5629 |
||